| 000 | 01039nam a2200325Ia 4500 | ||
|---|---|---|---|
| 001 | dia_1555 | ||
| 003 | CHAP | ||
| 005 | 20251021152232.0 | ||
| 008 | 220117s1972 xx 000 0 und d | ||
| 010 | _a176714 | ||
| 040 | _cCHAP | ||
| 082 | _a665.5972 P48 1972 | ||
| 110 |
_aPetróleos Mexicanos _9159377 |
||
| 245 |
_aEl petroleo / _c Dirección General, Biblioteca Central, Petróleos Mexicanos ; compilación Humberto Zarazúa Muciño |
||
| 250 | _a12a ed. | ||
| 260 |
_aMéxico : _b Petróleos Mexicanos, _c1972 |
||
| 300 | _a184 p. | ||
| 504 | _aBibliografía: p. 181-184 | ||
| 590 | _aHD9574.M6 P48 1972 | ||
| 650 |
_aIndustria del petróleo _9159378 |
||
| 650 |
_aPetrochemicals _9159379 |
||
| 650 |
_aPetroleum _9159380 |
||
| 650 |
_aPetroquímicos _9159381 |
||
| 700 |
_aZarazúa Muciño, Humberto, comp. _9159382 |
||
| 710 |
_aPetróleos Mexicanos _9159377 |
||
| 901 | _a665.5972 P48 1972 | ||
| 902 | _aA | ||
| 905 | _a5232271972 mx bdin8222223322spa16 | ||
| 942 |
_cLIBRO _2ddc |
||
| 999 |
_c176714 _d176714 |
||